[Event "SG Turm Raesfeld/Erle 1 - SK Münster 3"]
[Site "Regionalliga 2015/2016"]
[Date "2016.01.09"]
[Round "5.1"]
[White "Wieder, Heiner"]
[Black "Wilger, Frank"]
[Result "1-0"]
[WhiteElo "2080"]
[BlackElo "2097"]
[PlyCount "71"]
[EventDate "2016.??.??"]
[SourceDate "2015.09.11"]

1. e4 c5 2. Nf3 e6 3. d4 cxd4 4. Nxd4 Nf6 5. Nc3 Nc6 6. Ndb5 d6 7. Bf4 e5 8.
Bg5 a6 9. Na3 b5 10. Nd5 Be6 11. Bxf6 gxf6 12. c3 Rg8 13. Nc2 Bxd5 14. Qxd5 Ne7
15. Qd3 Qd7 16. g3 f5 17. Rd1 Rd8 18. Bh3 Qb7 19. Bg2 f4 20. O-O Bh6 21. Ra1
Qb6 22. Rfd1 fxg3 23. hxg3 Rg6 24. a4 bxa4 25. Rxa4 Rf6 26. Rf1 a5 27. b4 axb4
28. cxb4 Rc8 29. Bh3 Rd8 30. Ra6 Qb7 31. b5 Bg5 32. Bg2 Kf8 33. f4 Bxf4 34.
gxf4 exf4 35. e5 Rg6 36. Qxg6 1-0

[Event "SG Turm Raesfeld/Erle 1 - SK Münster 3"]
[Site "Regionalliga 2015/2016"]
[Date "2016.01.09"]
[Round "5.2"]
[White "Greifenberg, Daniel"]
[Black "Quante, Lennart"]
[Result "1/2-1/2"]
[WhiteElo "2004"]
[BlackElo "1961"]
[PlyCount "95"]
[EventDate "2016.??.??"]
[SourceDate "2015.09.11"]

1. d4 Nf6 2. Bg5 e6 3. e4 c5 4. Bxf6 Qxf6 5. c3 b6 6. g3 Bb7 7. Bg2 cxd4 8.
cxd4 Nc6 9. Ne2 Ba6 10. e5 Qd8 11. Nbc3 Rc8 12. O-O Be7 13. Qa4 Na5 14. b4 Bxe2
15. Nxe2 Nc4 16. Rfc1 O-O 17. Bb7 Rc7 18. Ba6 d5 19. Rc2 b5 20. Qb3 Qb8 21. a4
bxa4 22. Rxa4 Nb6 23. Raa2 Nd7 24. Rxc7 Qxc7 25. Bd3 Qb8 26. b5 Rc8 27. Ra6 Bd8
28. Qb4 Bb6 29. Ra1 Rc7 30. Rc1 Rxc1+ 31. Nxc1 Qc7 32. Nb3 g6 33. Kf1 Nb8 34.
Ke2 Nd7 35. Qd2 Kg7 36. h4 h5 37. f3 Qd8 38. Kf1 Qe7 39. Kg2 Qa3 40. Bc2 Qe7
41. Kh3 Nf8 42. Qc3 Qc7 43. Qd3 Qe7 44. Qd2 Kg8 45. Bd1 Kg7 46. Na5 Qa3 47. Nc6
a6 48. bxa6 1/2-1/2

[Event "SG Turm Raesfeld/Erle 1 - SK Münster 3"]
[Site "Regionalliga 2015/2016"]
[Date "2016.01.09"]
[Round "5.3"]
[White "Van Ackeren, Franz"]
[Black "Gesing, Felix"]
[Result "0-1"]
[WhiteElo "1995"]
[BlackElo "1964"]
[PlyCount "57"]
[EventDate "2016.??.??"]
[SourceDate "2015.09.11"]

1. Nf3 Nf6 2. d4 c5 3. e3 e6 4. Bd3 Nc6 5. c3 Qc7 6. O-O b6 7. Nbd2 Bb7 8. Qe2
Be7 9. Re1 g5 10. Nxg5 Rg8 11. Ndf3 Ng4 12. Nh3 Nxh2 13. Be4 Ng4 14. Nf4 O-O-O
15. Bd2 f5 16. Bd3 Bd6 17. dxc5 Bxc5 18. b4 Bd6 19. Ba6 Nce5 20. Nd4 Bxa6 21.
Qxa6+ Qb7 22. Qe2 Ng6 23. Qf3 Nh4 24. Qxb7+ Kxb7 25. Kf1 Bxf4 26. exf4 Nh2+ 27.
Ke2 Rxg2 28. Rh1 Rdg8 29. Ke3 0-1

[Event "SG Turm Raesfeld/Erle 1 - SK Münster 3"]
[Site "Regionalliga 2015/2016"]
[Date "2016.01.09"]
[Round "5.4"]
[White "Brömmel, Rudolf"]
[Black "Wingenfeld, Klaus"]
[Result "1-0"]
[WhiteElo "1912"]
[BlackElo "1928"]
[PlyCount "99"]
[EventDate "2016.??.??"]
[SourceDate "2015.09.11"]

1. d4 Nf6 2. Bg5 Ne4 3. Bh4 c5 4. Nd2 Nxd2 5. Qxd2 cxd4 6. Nf3 Nc6 7. Nxd4 Qb6
8. O-O-O Nxd4 9. Qxd4 Qxd4 10. Rxd4 e5 11. Rd5 d6 12. e4 Bd7 13. f3 Bc6 14. Rd1
Be7 15. Be1 O-O-O 16. Bc4 Rhf8 17. Bb4 Kc7 18. Rd3 f5 19. exf5 Rxf5 20. Bd5
Bxd5 21. Rxd5 Rf6 22. Rxe5 Rd7 23. Re2 Rg6 24. Rd1 Bg5+ 25. Bd2 Bxd2+ 26. Kxd2
Rg5 27. Ke1 Rb5 28. c4 Rc5 29. b3 b6 30. Kf2 a5 31. Rd4 Rf5 32. g4 Rc5 33. Kg3
h6 34. f4 Kc6 35. f5 b5 36. cxb5+ Kxb5 37. Red2 Kc6 38. Kf4 Rc1 39. Ra4 Rc5 40.
Re4 Rc1 41. Ke3 Rc3+ 42. Kd4 Rc5 43. Kd3 Rd5+ 44. Rd4 Rf7 45. Rc2+ Rc5 46. Ra4
Ra7 47. b4 Kb5 48. bxc5 Kxa4 49. c6 Rc7 50. Kd4 1-0

[Event "SG Turm Raesfeld/Erle 1 - SK Münster 3"]
[Site "Regionalliga 2015/2016"]
[Date "2016.01.09"]
[Round "5.5"]
[White "Baumann, Stephan"]
[Black "Pliete, Christian"]
[Result "1/2-1/2"]
[WhiteElo "2019"]
[BlackElo "1826"]
[PlyCount "79"]
[EventDate "2016.??.??"]
[SourceDate "2015.09.11"]

1. e4 e5 2. Nf3 Nc6 3. Bb5 Bc5 4. O-O Nge7 5. c3 a6 6. Bxc6 Nxc6 7. d4 exd4 8.
cxd4 Bb6 9. Nc3 d6 10. Nd5 Ba7 11. h3 Ne7 12. Nf4 O-O 13. Be3 d5 14. e5 Nf5 15.
Bc1 c6 16. b3 Nh4 17. Nxh4 Qxh4 18. g3 Qe7 19. Qd3 Be6 20. Re1 Rac8 21. Bb2
Rfe8 22. Rac1 Bb6 23. Kg2 Qg5 24. Qf3 Qf5 25. g4 Qg5 26. Rcd1 Ba5 27. Rh1 Qe7
28. Qg3 c5 29. Ba3 Bb4 30. Bxb4 cxb4 31. Rc1 Rc7 32. Nd3 Rec8 33. Qe3 Rc2 34.
Rxc2 Rxc2 35. Qe1 a5 36. Qb1 Qc7 37. Nc5 Rc3 38. Na4 Rc2 39. Nc5 Rc3 40. Na4
1/2-1/2

[Event "SG Turm Raesfeld/Erle 1 - SK Münster 3"]
[Site "Regionalliga 2015/2016"]
[Date "2016.01.09"]
[Round "5.6"]
[White "Bergemann, Martin"]
[Black "Ollech, Dirk"]
[Result "1/2-1/2"]
[WhiteElo "1897"]
[BlackElo "1925"]
[PlyCount "54"]
[EventDate "2016.??.??"]
[SourceDate "2015.09.11"]

1. d4 Nf6 2. Bg5 Ne4 3. Bh4 c5 4. Nd2 d5 5. dxc5 Nxc5 6. Ngf3 Nc6 7. e3 g6 8.
Be2 Bg7 9. c3 O-O 10. O-O Qb6 11. Nb3 Nxb3 12. Qxb3 Qxb3 13. axb3 e5 14. b4 e4
15. Nd2 Be6 16. Nb3 Ne5 17. Nc5 b6 18. Nxe6 fxe6 19. Ra6 Nc4 20. Bg4 Rfe8 21.
Rfa1 Nxb2 22. Rxa7 Rac8 23. Bg3 Bxc3 24. Rb7 h5 25. Be2 Nd3 26. Rd1 Bxb4 27.
Rxb6 Bc5 1/2-1/2

[Event "SG Turm Raesfeld/Erle 1 - SK Münster 3"]
[Site "Regionalliga 2015/2016"]
[Date "2016.01.09"]
[Round "5.7"]
[White "Meyer, Ulrich"]
[Black "Tünte, Marcel"]
[Result "1/2-1/2"]
[WhiteElo "1884"]
[BlackElo "1705"]
[PlyCount "58"]
[EventDate "2016.??.??"]
[SourceDate "2015.09.11"]

1. e4 e5 2. Bc4 Nc6 3. Nf3 Bc5 4. Nc3 Nf6 5. a3 g6 6. d3 d6 7. Nd5 Nxd5 8. Bxd5
Ne7 9. Ba2 Be6 10. Bxe6 fxe6 11. O-O O-O 12. Ng5 Qd7 13. Qg4 Rf6 14. Be3 Bb6
15. Bxb6 cxb6 16. f4 h6 17. Nh3 Raf8 18. fxe5 dxe5 19. Nf2 Qb5 20. b4 Qd7 21.
c3 b5 22. Qe2 Qc7 23. Qd2 Qb6 24. d4 exd4 25. Qxd4 Qc7 26. Ng4 Rxf1+ 27. Rxf1
Rxf1+ 28. Kxf1 Qf4+ 29. Nf2 Nc6 1/2-1/2

[Event "SG Turm Raesfeld/Erle 1 - SK Münster 3"]
[Site "Regionalliga 2015/2016"]
[Date "2016.01.09"]
[Round "5.8"]
[White "Brömmel, Chris"]
[Black "Freise, Eckhard"]
[Result "1-0"]
[WhiteElo "1792"]
[BlackElo "1809"]
[PlyCount "111"]
[EventDate "2016.??.??"]
[SourceDate "2015.09.11"]

1. e4 e5 2. Nf3 Nc6 3. Bb5 f5 4. Bxc6 dxc6 5. Nxe5 Qd4 6. Qh5+ g6 7. Nxg6 hxg6
8. Qxg6+ Kd8 9. Nc3 Bd6 10. d3 f4 11. Ne2 Qe5 12. d4 Qh5 13. Qxh5 Rxh5 14. e5
Bb4+ 15. c3 Ba5 16. Nxf4 Rh7 17. f3 Ne7 18. g4 Nd5 19. Nxd5 cxd5 20. h4 c5 21.
Bd2 c4 22. g5 Bf5 23. O-O-O Bg6 24. Rh2 Kd7 25. Rdh1 Rah8 26. Kd1 Ke6 27. Ke2
Bh5 28. Ke3 Rf8 29. Rh3 Bd8 30. Rg1 Bg6 31. Kf2 Rfh8 32. Rgh1 Bh5 33. b3 Rc7
34. Rg1 Bg6 35. bxc4 Rxc4 36. h5 Ra4 37. f4 Bf5 38. Rh2 Rxa2 39. Ke3 Bg6 40.
Rgh1 Be4 41. Rg1 Bg6 42. Rg3 Ba5 43. Rgh3 Bf5 44. Rh4 Ra3 45. Rh1 Bxc3 46. Bxc3
Rxc3+ 47. Ke2 Rc2+ 48. Ke1 Rhc8 49. R4h2 Rc1+ 50. Kf2 R8c2+ 51. Kg3 Rc3+ 52.
Kh4 Rxh1 53. Rxh1 Kf7 54. g6+ Kg7 55. Kg5 Rg3+ 56. Kxf5 1-0

[Event "SC Klein-Berlin Rheine 1 - SC Steinfurt"]
[Site "Regionalliga 2015/2016"]
[Date "2016.01.09"]
[Round "5.2"]
[White "Brümmer, Frank"]
[Black "Haselhorst, Helmut"]
[Result "1-0"]
[WhiteElo "2177"]
[BlackElo "2098"]
[PlyCount "69"]
[EventDate "2016.??.??"]
[SourceDate "2015.09.11"]

1. d4 Nf6 2. c4 g6 3. Nc3 Bg7 4. e4 d6 5. Nge2 O-O 6. Ng3 Nc6 7. d5 Ne5 8. Be2
c6 9. O-O a6 10. h3 cxd5 11. cxd5 b5 12. Be3 Bb7 13. Qb3 Rb8 14. a4 b4 15. Na2
Re8 16. Rfd1 e6 17. f4 Ned7 18. dxe6 Rxe6 19. Bc4 Re7 20. Rxd6 Nxe4 21. Nxe4
Bxe4 22. Rad1 Qe8 23. Bf2 Nf6 24. Bxa6 Rc7 25. Bb5 Qe7 26. Nxb4 Nh5 27. Qe3 Bb7
28. Qxe7 Rxe7 29. Rd8+ Rxd8 30. Rxd8+ Bf8 31. Bc5 Kg7 32. Bxe7 Bxe7 33. Rd7
Bc5+ 34. Kh2 Be4 35. Nd3 1-0

[Event "SC Klein-Berlin Rheine 1 - SC Steinfurt"]
[Site "Regionalliga 2015/2016"]
[Date "2016.01.09"]
[Round "5.3"]
[White "Engels, Natia"]
[Black "Henneberger, Sven"]
[Result "1/2-1/2"]
[WhiteElo "2016"]
[BlackElo "2109"]
[PlyCount "86"]
[EventDate "2016.??.??"]
[SourceDate "2015.09.11"]

1. d4 Nf6 2. c4 c5 3. d5 b5 4. cxb5 a6 5. b6 Qxb6 6. Nc3 g6 7. e4 d6 8. Nf3 Bg7
9. Be2 O-O 10. O-O Nbd7 11. Nd2 Bb7 12. f4 Ne8 13. Nc4 Qc7 14. Be3 Nb6 15. Nxb6
Qxb6 16. Rb1 Nc7 17. e5 Nb5 18. Bxb5 axb5 19. b4 Ba6 20. Ne4 Qd8 21. f5 dxe5
22. Bxc5 Bb7 23. Bxe7 Qxd5 24. Qxd5 Bxd5 25. Nc3 Bc4 26. Bxf8 Kxf8 27. f6 Bh6
28. Rf3 Ke8 29. Re1 Kd7 30. Rxe5 Bd2 31. Nxb5 Rxa2 32. Ra3 Rxa3 33. Nxa3 Be6
34. Nc2 Bc3 35. Rc5 Bxf6 36. Kf2 Be7 37. Rb5 Bf6 38. Ke3 Bc4 39. Ra5 Be7 40.
Ra7+ Kd8 41. Nd4 Bd5 42. Rxe7 Kxe7 43. g3 Kd6 1/2-1/2

[Event "SC Klein-Berlin Rheine 1 - SC Steinfurt"]
[Site "Regionalliga 2015/2016"]
[Date "2016.01.09"]
[Round "5.4"]
[White "Langhanke, Günther"]
[Black "Grälken, Matthias"]
[Result "1/2-1/2"]
[WhiteElo "1986"]
[BlackElo "2018"]
[PlyCount "31"]
[EventDate "2016.??.??"]
[SourceDate "2015.09.11"]

1. e4 d5 2. exd5 Nf6 3. d4 Bg4 4. Nf3 Qxd5 5. Be2 Nc6 6. O-O O-O-O 7. c3 e5 8.
dxe5 Qxd1 9. Bxd1 Bxf3 10. Bxf3 Nxe5 11. Be2 Nd3 12. Be3 Nxb2 13. a4 Nd3 14.
Bxa7 Bc5 15. Bxc5 Nxc5 16. a5 1/2-1/2

[Event "SC Klein-Berlin Rheine 1 - SC Steinfurt"]
[Site "Regionalliga 2015/2016"]
[Date "2016.01.09"]
[Round "5.5"]
[White "Wild, Helmut"]
[Black "Langhans, Jörg"]
[Result "1/2-1/2"]
[WhiteElo "1932"]
[BlackElo "1937"]
[PlyCount "62"]
[EventDate "2016.??.??"]
[SourceDate "2015.09.11"]

1. c4 e5 2. Nc3 Bb4 3. Nd5 Be7 4. g3 Nf6 5. Bg2 Nxd5 6. cxd5 O-O 7. a3 c6 8. e3
Qa5 9. Qb3 Na6 10. Ne2 cxd5 11. Bxd5 d6 12. O-O Nc7 13. Bg2 Rb8 14. d4 Be6 15.
Qd3 Qa6 16. Qd1 Bf6 17. Re1 Bc4 18. Bf3 Qb6 19. d5 Bb3 20. Qd2 Na6 21. Nc3 Nc5
22. Ne4 Nxe4 23. Bxe4 Be7 24. Qd3 g6 25. Bd2 f5 26. Bg2 e4 27. Qc3 Bf6 28. Qb4
Bxd5 29. Bc3 Qxb4 30. Bxb4 Be5 31. Rad1 Bb3 1/2-1/2

[Event "SC Klein-Berlin Rheine 1 - SC Steinfurt"]
[Site "Regionalliga 2015/2016"]
[Date "2016.01.09"]
[Round "5.6"]
[White "Brümmer, Andreas"]
[Black "Yust, Evgeniy"]
[Result "1-0"]
[WhiteElo "1921"]
[BlackElo "1924"]
[PlyCount "45"]
[EventDate "2016.??.??"]
[SourceDate "2015.09.11"]

1. d4 f5 2. Bg5 Nf6 3. Bxf6 exf6 4. e3 d5 5. Bd3 Be6 6. Qf3 Qd7 7. Ne2 Nc6 8.
Nbc3 O-O-O 9. a3 g5 10. h3 h5 11. Ng3 f4 12. Nge2 fxe3 13. fxe3 f5 14. O-O-O
Bh6 15. Kb1 g4 16. Qf2 Rdf8 17. Nf4 Bg5 18. Ng6 h4 19. hxg4 Rhg8 20. Nxf8 Rxf8
21. gxf5 Bxf5 22. Rdf1 Ne7 23. g4 1-0

[Event "SC Klein-Berlin Rheine 1 - SC Steinfurt"]
[Site "Regionalliga 2015/2016"]
[Date "2016.01.09"]
[Round "5.7"]
[White "Janning, Rainer"]
[Black "Averkamp-Peters, Jens"]
[Result "1-0"]
[WhiteElo "1849"]
[BlackElo "1935"]
[PlyCount "59"]
[EventDate "2016.??.??"]
[SourceDate "2015.09.11"]

1. f4 d5 2. Nf3 c5 3. e3 Nf6 4. b3 Nc6 5. Bb5 Bd7 6. Bb2 Qb6 7. Bxc6 Bxc6 8.
Ne5 e6 9. O-O Bd6 10. d3 Qc7 11. Nd2 O-O-O 12. Qe2 Rhg8 13. Ndf3 h6 14. Nxc6
Qxc6 15. c4 dxc4 16. bxc4 Nd7 17. Ne5 Bxe5 18. fxe5 Rdf8 19. Rf2 f6 20. Raf1
fxe5 21. Rxf8+ Rxf8 22. Rxf8+ Nxf8 23. Bxe5 Qd7 24. Bc3 g5 25. d4 cxd4 26. exd4
a6 27. Qh5 e5 28. Qxh6 exd4 29. Qxf8+ Kc7 30. Qc5+ 1-0

[Event "SC Klein-Berlin Rheine 1 - SC Steinfurt"]
[Site "Regionalliga 2015/2016"]
[Date "2016.01.09"]
[Round "5.8"]
[White "Kornick, Ulrich"]
[Black "Dehler, Markus"]
[Result "1-0"]
[WhiteElo "1930"]
[BlackElo "1588"]
[PlyCount "135"]
[EventDate "2016.??.??"]
[SourceDate "2015.09.11"]

1. d4 d5 2. c4 c6 3. Nc3 dxc4 4. a4 Nf6 5. e3 Bf5 6. Bxc4 e6 7. Nf3 Nbd7 8. O-O
Bb4 9. Qb3 Qb6 10. Bd2 O-O 11. Ne4 Be7 12. Ng3 Qxb3 13. Bxb3 Bd3 14. Rfc1 Ne4
15. Bd1 Nxg3 16. hxg3 Bd6 17. Bc2 Bxc2 18. Rxc2 Nf6 19. Bc3 Ne4 20. Ne1 Rac8
21. Nd3 Rc7 22. Bb4 Bxb4 23. Nxb4 Rd7 24. Nd3 f6 25. Nc5 Nxc5 26. Rxc5 Rd5 27.
Rxd5 exd5 28. Rc1 Re8 29. Rc5 Re6 30. Ra5 a6 31. Rc5 b6 32. Rc3 Kf7 33. Kf1 Ke7
34. Rb3 c5 35. dxc5 bxc5 36. Rb7+ Kd8 37. Rxg7 Rb6 38. Rxh7 Rxb2 39. Rh5 Rd2
40. Ke1 Rd3 41. e4 dxe4 42. Rxc5 e3 43. Rc6 f5 44. fxe3 Rxe3+ 45. Kf2 Re4 46.
Rxa6 Kc7 47. Ra5 Rg4 48. Rxf5 Rxa4 49. Rf4 Ra2+ 50. Kg1 Kd6 51. g4 Ke6 52. Kh2
Ke5 53. Rf5+ Ke6 54. Kh3 Ra3+ 55. Rf3 Ra8 56. g5 Ra4 57. g3 Ke7 58. Rf4 Ra5 59.
Kh4 Ra8 60. Kh5 Ra3 61. g4 Rh3+ 62. Kg6 Ra3 63. Kg7 Ra5 64. g6 Ke6 65. Kg8 Ra8+
66. Kh7 Ra7+ 67. g7 Ke5 68. Rf5+ 1-0

[Event "Schach Nienberge 1 - SK Münster 2"]
[Site "Regionalliga 2015/2016"]
[Date "2016.01.09"]
[Round "5.1"]
[White "Rehfeldt, Frank"]
[Black "Remmeke, Hans"]
[Result "1/2-1/2"]
[WhiteElo "2144"]
[BlackElo "2123"]
[PlyCount "32"]
[EventDate "2016.??.??"]
[SourceDate "2015.09.11"]

1. e4 e5 2. Nf3 Nc6 3. Bc4 Bc5 4. c3 Nf6 5. d4 exd4 6. cxd4 Bb4+ 7. Bd2 Bxd2+
8. Nbxd2 d5 9. exd5 Nxd5 10. Qb3 Nce7 11. O-O c6 12. Rfe1 O-O 13. a4 Qc7 14.
Ne4 Nb6 15. Bd3 Bf5 16. a5 Nbd5 1/2-1/2

[Event "Schach Nienberge 1 - SK Münster 2"]
[Site "Regionalliga 2015/2016"]
[Date "2016.01.09"]
[Round "5.2"]
[White "Kemper, Georg"]
[Black "Holtel, Jasper"]
[Result "1-0"]
[WhiteElo "1887"]
[BlackElo "2236"]
[PlyCount "113"]
[EventDate "2016.??.??"]
[SourceDate "2015.09.11"]

1. d4 Nf6 2. c4 g6 3. f3 d5 4. cxd5 Nxd5 5. e4 Nb6 6. Nc3 Bg7 7. Be3 O-O 8. Qd2
Nc6 9. O-O-O Qd6 10. Nb5 Qd7 11. Bh6 Bxh6 12. Qxh6 a6 13. Nc3 Nxd4 14. f4 c5
15. Nf3 f6 16. h4 e5 17. fxe5 fxe5 18. h5 Qg7 19. hxg6 hxg6 20. Nxe5 Re8 21.
Qxg6 Qxg6 22. Nxg6 Kf7 23. Nf4 Bg4 24. Re1 Rh8 25. Rxh8 Rxh8 26. Ncd5 Nd7 27.
Ne3 Be6 28. Nc4 Rh1 29. Nxe6 Kxe6 30. Na5 Ne5 31. Kd1 b5 32. Nb7 Ng4 33. Kd2
Rh5 34. Be2 Nxe2 35. Kxe2 Nf6 36. Kf3 c4 37. Rd1 Ke5 38. Nc5 Rh7 39. Nxa6 Nxe4
40. Nb4 Rf7+ 41. Ke3 Ng3 42. Rd5+ Ke6 43. Rxb5 Nf1+ 44. Kd4 Rf4+ 45. Kc5 Rf5+
46. Kc6 Rf2 47. Nd5 Ng3 48. a4 Nf5 49. Nc7+ Kf6 50. Rb8 Rxg2 51. a5 Nd4+ 52.
Kd5 Nb3 53. a6 Rd2+ 54. Kxc4 Na5+ 55. Kc3 Rd7 56. Nb5 Nc6 57. Rb6 1-0

[Event "Schach Nienberge 1 - SK Münster 2"]
[Site "Regionalliga 2015/2016"]
[Date "2016.01.09"]
[Round "5.3"]
[White "Kammers, Heribert"]
[Black "Gottkehaskamp, Philipp"]
[Result "0-1"]
[WhiteElo "2043"]
[BlackElo "1975"]
[PlyCount "90"]
[EventDate "2016.??.??"]
[SourceDate "2015.09.11"]

1. Nf3 g6 2. d4 Bg7 3. c4 Nf6 4. Nc3 O-O 5. e3 d6 6. Be2 Nbd7 7. O-O e5 8. b4
e4 9. Nd2 Re8 10. a4 Nf8 11. Ra2 h5 12. f3 exf3 13. Nxf3 Bf5 14. Bd3 Ne4 15.
Nxe4 Bxe4 16. Bxe4 Rxe4 17. Qd3 d5 18. cxd5 Qxd5 19. Raf2 Rae8 20. Ne1 f5 21.
Nc2 Nd7 22. Rf3 Ne5 23. Qc3 Nxf3+ 24. gxf3 R4e6 25. Qxc7 Qc6 26. Qxc6 Rxc6 27.
Na3 Bh6 28. f4 Bf8 29. Bd2 a5 30. b5 Rcc8 31. Nb1 Bb4 32. Kf2 Rc2 33. Ke2 Rec8
34. Kd3 Bxd2 35. Nxd2 R8c3+ 36. Ke2 Ra2 37. Rd1 Raa3 38. Nf1 Kf7 39. d5 Ra2+
40. Kf3 Ke7 41. d6+ Kd7 42. Kg3 Rxa4 43. Kh4 Re4 44. Kg5 Re6 45. Ng3 Rcxe3 0-1

[Event "Schach Nienberge 1 - SK Münster 2"]
[Site "Regionalliga 2015/2016"]
[Date "2016.01.09"]
[Round "5.4"]
[White "Haas, Kai Markus"]
[Black "Müschenich, Stefan"]
[Result "1/2-1/2"]
[WhiteElo "2000"]
[BlackElo "2082"]
[PlyCount "110"]
[EventDate "2016.??.??"]
[SourceDate "2015.09.11"]

1. e4 c5 2. d3 Nc6 3. Nf3 g6 4. g3 Bg7 5. Bg2 e5 6. O-O Nge7 7. Nc3 d6 8. Be3
O-O 9. Qd2 f5 10. exf5 Nxf5 11. Bg5 Qe8 12. Nd5 Qf7 13. Ne1 h6 14. Be3 Be6 15.
c4 Qd7 16. Nc2 Rf7 17. Rab1 Raf8 18. a3 g5 19. b4 b6 20. b5 Nce7 21. Nxe7+ Nxe7
22. Qe2 Bg4 23. f3 Be6 24. Bc1 Bf5 25. Ne3 Bg6 26. Bb2 Bh5 27. Ng4 Bg6 28. Ne3
h5 29. Rbd1 Bh6 30. a4 Qe6 31. Ba1 Kh7 32. Bb2 Rf6 33. Ba1 Qd7 34. Bb2 Bf7 35.
Ba1 Be6 36. Rde1 Qe8 37. Bb2 Qg6 38. Rd1 Kg8 39. Ba1 Bc8 40. Nc2 Bb7 41. Bb2
Qf7 42. Ne1 Nf5 43. Ra1 g4 44. f4 Nd4 45. Bxd4 cxd4 46. Bxb7 Qxb7 47. Ng2 exf4
48. Nxf4 Bxf4 49. gxf4 Qf7 50. Qe4 Rxf4 51. Rxf4 Qxf4 52. Re1 Qf2+ 53. Kh1 Qf3+
54. Kg1 Qf2+ 55. Kh1 Qf3+ 1/2-1/2

[Event "Schach Nienberge 1 - SK Münster 2"]
[Site "Regionalliga 2015/2016"]
[Date "2016.01.09"]
[Round "5.5"]
[White "Virnyi, Julius"]
[Black "Gottkehaskamp, Stefan"]
[Result "1/2-1/2"]
[WhiteElo "2087"]
[BlackElo "1953"]
[PlyCount "45"]
[EventDate "2016.??.??"]
[SourceDate "2015.09.11"]

1. Nf3 e6 2. g3 f5 3. Bg2 Nf6 4. O-O Be7 5. c4 O-O 6. b3 d6 7. d4 Ne4 8. Bb2
Bf6 9. Nfd2 Nxd2 10. Qxd2 Qe8 11. Nc3 c6 12. Ba3 Be7 13. e4 Qd8 14. exf5 exf5
15. f4 Bd7 16. Rae1 Re8 17. b4 Na6 18. b5 Nc7 19. Qd3 Bf8 20. bxc6 bxc6 21.
Rxe8 Qxe8 22. Kf2 Rb8 23. Rb1 1/2-1/2

[Event "Schach Nienberge 1 - SK Münster 2"]
[Site "Regionalliga 2015/2016"]
[Date "2016.01.09"]
[Round "5.6"]
[White "Althoff, Franz"]
[Black "Borrink, Jörn"]
[Result "0-1"]
[WhiteElo "2000"]
[BlackElo "2086"]
[PlyCount "68"]
[EventDate "2016.??.??"]
[SourceDate "2015.09.11"]

1. Nf3 e6 2. c4 Nf6 3. Nc3 d5 4. d4 Nbd7 5. Bf4 c6 6. e3 Be7 7. Rc1 O-O 8. Bd3
h6 9. Ne5 dxc4 10. Bxc4 Nxe5 11. Bxe5 b6 12. O-O Bb7 13. e4 Rc8 14. Qe2 Nd7 15.
Bg3 b5 16. Bb3 a6 17. Rfd1 Qb6 18. d5 Nc5 19. dxe6 Nxe6 20. Bxe6 fxe6 21. Qg4
Bc5 22. Rd7 Rf7 23. Qxe6 Rcf8 24. Rxf7 Rxf7 25. Rd1 Bxf2+ 26. Kh1 Bxg3 27. Rd7
Qf2 28. hxg3 Qf6 29. Qb3 Bc8 30. e5 Qf1+ 31. Kh2 Bxd7 32. e6 Bxe6 33. Qxe6 Qc4
34. Qc8+ Kh7 0-1

[Event "Schach Nienberge 1 - SK Münster 2"]
[Site "Regionalliga 2015/2016"]
[Date "2016.01.09"]
[Round "5.7"]
[White "Kubo, Thomas"]
[Black "Keller, Dirk"]
[Result "1/2-1/2"]
[WhiteElo "2028"]
[BlackElo "1887"]
[PlyCount "73"]
[EventDate "2016.??.??"]
[SourceDate "2015.09.11"]

1. Nf3 Nf6 2. c4 c6 3. g3 d5 4. b3 Bf5 5. Bb2 e6 6. Bg2 Nbd7 7. O-O h6 8. d3
Be7 9. Nbd2 O-O 10. Re1 Bh7 11. Qc2 a5 12. a3 Qb8 13. Rac1 Bd6 14. Qb1 Re8 15.
Qa1 e5 16. cxd5 Nxd5 17. Bh3 N5b6 18. Nc4 Bc7 19. Ne3 f6 20. Nh4 Nf8 21. Nhf5
Bg6 22. Qb1 Ne6 23. b4 axb4 24. axb4 Qc8 25. b5 Qd7 26. bxc6 bxc6 27. Qc2 Na4
28. Ba3 Ba5 29. Rf1 c5 30. Qc4 Kh7 31. Qg4 Ng5 32. Bg2 Ra7 33. h4 h5 34. Qc4
Bf7 35. Qc2 Ne6 36. Nc4 Bc7 37. Nce3 1/2-1/2

[Event "Schach Nienberge 1 - SK Münster 2"]
[Site "Regionalliga 2015/2016"]
[Date "2016.01.09"]
[Round "5.8"]
[White "Schäfer, Günter"]
[Black "Niermann, Rainer"]
[Result "0-1"]
[WhiteElo "1910"]
[BlackElo "2002"]
[PlyCount "67"]
[EventDate "2016.??.??"]
[SourceDate "2015.09.11"]

1. e4 Nc6 2. Nc3 Nf6 3. Bc4 e6 4. Bb3 d5 5. exd5 exd5 6. d4 Be7 7. Nge2 O-O 8.
Bf4 Bg4 9. f3 Bf5 10. g4 Be6 11. Qd2 Na5 12. Nb5 Nxb3 13. axb3 Ne8 14. O-O a6
15. Nbc3 g5 16. Bg3 h5 17. h3 f5 18. Be5 f4 19. Qd3 Ng7 20. Qg6 Bf6 21. Rad1 c6
22. Rfe1 Bxe5 23. dxe5 Bf7 24. Qh6 Ne6 25. Kg2 Re8 26. Ne4 dxe4 27. Rxd8 exf3+
28. Kxf3 Raxd8 29. Nc3 Rd2 30. Re4 Rh2 31. Rb4 Rxh3+ 32. Kf2 hxg4 33. Qf6 g3+
34. Kg1 0-1

[Event "Südlohner SV 1 - SK Dülmen 1"]
[Site "Regionalliga 2015/2016"]
[Date "2016.01.09"]
[Round "5.1"]
[White "Eiersbrock, Robin"]
[Black "Dönnebrink, Elmar"]
[Result "1-0"]
[WhiteElo "1994"]
[BlackElo "2054"]
[PlyCount "47"]
[EventDate "2016.??.??"]
[SourceDate "2015.09.11"]

1. d4 Nf6 2. c4 g6 3. Nc3 Bg7 4. e4 d6 5. Nf3 O-O 6. Be2 Nc6 7. O-O e5 8. d5
Ne7 9. Ne1 c6 10. Be3 cxd5 11. cxd5 Ne8 12. f3 f5 13. Nb5 a6 14. Na3 Nf6 15.
Bd3 b5 16. Nac2 Bd7 17. Nb4 a5 18. Nc6 Nxc6 19. dxc6 Bxc6 20. exf5 Nd5 21. Bf2
gxf5 22. Bxb5 Qe8 23. Bc4 Qf7 24. Qd2 1-0

[Event "Südlohner SV 1 - SK Dülmen 1"]
[Site "Regionalliga 2015/2016"]
[Date "2016.01.09"]
[Round "5.2"]
[White "Funke, Reinhard"]
[Black "Mohnke, Martin"]
[Result "0-1"]
[WhiteElo "2061"]
[BlackElo "1978"]
[PlyCount "128"]
[EventDate "2016.??.??"]
[SourceDate "2015.09.11"]

1. d4 Nf6 2. Nf3 g6 3. g3 Bg7 4. Bg2 O-O 5. O-O d6 6. c4 Nc6 7. Nc3 e5 8. d5
Nb8 9. Ne1 a5 10. Nd3 Nfd7 11. e4 Na6 12. Be3 f5 13. f3 b6 14. Qd2 Ndc5 15.
Rae1 Nxd3 16. Qxd3 Bd7 17. Qd2 Nc5 18. f4 fxe4 19. fxe5 Bxe5 20. Rxf8+ Qxf8 21.
Rf1 Qg7 22. Bh6 Bd4+ 23. Kh1 Qe5 24. Ne2 Bxb2 25. Rb1 Na4 26. Bf4 Qg7 27. Bxe4
Re8 28. Bf3 Bf5 29. Rf1 Bf6 30. h4 Nc5 31. Kh2 h5 32. Ng1 Qe7 33. Bg2 Bd3 34.
Rc1 Qd7 35. Be3 Bf5 36. Bxc5 dxc5 37. Rf1 Qd6 38. Nf3 Bg4 39. Qh6 Bg7 40. Qd2
Re4 41. Ng5 Re2 42. Qd3 Re7 43. Be4 Qe5 44. Bxg6 Qe2+ 45. Kh1 Qxd3 46. Bxd3 Re3
47. Bh7+ Kh8 48. Bc2 Rc3 49. Bb3 Rxg3 50. Re1 Bf6 51. Kh2 Rd3 52. Kg2 Kg7 53.
Ne6+ Bxe6 54. Rxe6 Bxh4 55. Rg6+ Kxg6 56. Bc2 Kf5 57. Bxd3+ Ke5 58. Bf1 Be7 59.
a4 Kd4 60. Kf3 Kc3 61. Ke4 Kb3 62. Kd3 Kxa4 63. Kc3 h4 64. Bh3 Bf6+ 0-1

[Event "Südlohner SV 1 - SK Dülmen 1"]
[Site "Regionalliga 2015/2016"]
[Date "2016.01.09"]
[Round "5.3"]
[White "Grund, Wolfgang"]
[Black "Kolakovic, Klaudio"]
[Result "0-1"]
[WhiteElo "1856"]
[BlackElo "1974"]
[PlyCount "79"]
[EventDate "2016.??.??"]
[SourceDate "2015.09.11"]

1. e4 Nc6 2. d4 d5 3. e5 Bf5 4. c3 e6 5. Bd3 Nge7 6. Bg5 Qd7 7. Ne2 h6 8. Be3
Bxd3 9. Qxd3 Nf5 10. Nd2 Nxe3 11. Qxe3 f5 12. exf6 gxf6 13. O-O-O O-O-O 14.
Rhe1 e5 15. dxe5 fxe5 16. Nb3 h5 17. Qd3 e4 18. Qc2 Ne5 19. Kb1 Nd3 20. Rf1 Bd6
21. h3 Rhg8 22. Rg1 Bh2 23. Rgf1 Rxg2 24. Rxd3 exd3 25. Qxd3 Rf8 26. Qe3 Qf5+
27. Ka1 Rxf2 28. Rb1 Rf1 29. Nec1 Bg1 30. Qe2 Qxh3 31. Qb5 Qd7 32. Qb4 R8f4 33.
Nd4 Bxd4 34. cxd4 Qc6 35. Qd2 R4f2 36. Qg5 b6 37. a3 Qc4 38. Qe3 h4 39. Nb3
Rxb1+ 40. Kxb1 0-1